[Event "SRI-chB"]
[Site "Colombo"]
[Date "2016.03.12"]
[Round "2"]
[White "Bhagya, Viman"]
[Black "Herath, Hasitha P"]
[Result "1-0"]
[WhiteElo "1953"]
[BlackElo "1495"]
[PlyCount "93"]
[EventDate "2016.03.12"]
[EventType "swiss"]
[EventRounds "10"]
[EventCountry "SRI"]
[SourceTitle "CBM 171 Extra"]
[Source "ChessBase"]
[SourceDate "2016.04.26"]
[SourceVersion "1"]
[SourceVersionDate "2016.04.26"]
[SourceQuality "1"]

1. b3 e5 2. Bb2 Nc6 3. e3 d6 4. Nf3 Nf6 5. Bb5 Bd7 6. d4 exd4 7. Nxd4 Nxd4 8. Bxd7+ Qxd7 9. Qxd4 Qc6 10. 0-0 h5 11. c4 Rh6 12. Nc3 Rg6 13. Nd5 Rg4 14. f4 0-0-0 15. Rae1 Nxd5 16. cxd5 Qa6 17. a4 Be7 18. Qe4 Rd7 19. h3 Rg3 20. Kh2 h4 21. Bd4 Bd8 22. Rf3 Rxf3 23. Qxf3 Qd3 24. Bxg7 Qxb3 25. Bd4 a6 26. a5 Qb5 27. Ra1 c5 28. Bc3 Qd3 29. e4 Qc4 30. Rd1 Qb5 31. Ra1 Qc4 32. Rd1 Qb5 33. Qf1 Qa4 34. Qe1 Re7 35. e5 Qxf4+ 36. Kh1 Bc7 37. Qg1 Qa4 38. Qf1 dxe5 39. d6 Rd7 40. Bxe5 Bxa5 41. Bf6 Bb4 42. Be7 Qb3 43. Rb1 Qe6 44. Qc1 Qe4 45. Qf1 Qe6 46. Rc1 Kb8 47. Qf4 1-0

[Event "World School-ch U15 10th"]
[Site "Juiz de Fora"]
[Date "2014.12.02"]
[Round "7"]
[White "Brewer, Callum D"]
[Black "Herath, Hasitha P"]
[Result "1/2-1/2"]
[WhiteElo "1793"]
[BlackElo "1528"]
[PlyCount "106"]
[EventDate "2014.11.26"]
[EventType "swiss"]
[EventRounds "9"]
[EventCountry "BRA"]
[SourceTitle "EXT 2016"]
[Source "ChessBase"]
[SourceDate "2015.10.08"]
[SourceVersion "1"]
[SourceVersionDate "2015.10.08"]
[SourceQuality "1"]

1. e4 c5 2. Nc3 g6 3. d4 cxd4 4. Qxd4 Nf6 5. Bb5 Nc6 6. Bxc6 bxc6 7. e5 Ng8 8. Nf3 f6 9. Bf4 Bg7 10. 0-0 fxe5 11. Bxe5 Nf6 12. Ne4 0-0 13. Nxf6+ Bxf6 14. Bxf6 exf6 15. Qd6 Rf7 16. Rfe1 Qf8 17. Rad1 Ba6 18. b3 Qxd6 19. Rxd6 Kf8 20. c4 Re8 21. Red1 Ree7 22. Kf1 Ke8 23. Nd4 Bb7 24. Ne2 Kd8 25. Nc3 Kc7 26. Na4 Re6 27. Rxe6 dxe6 28. Nc5 Bc8 29. Ne4 Bd7 30. Nd6 Re7 31. c5 e5 32. Rd3 Be6 33. f3 Bd5 34. Kf2 f5 35. g3 e4 36. fxe4 Bxe4 37. Rd4 Bd5 38. Ra4 Kb8 39. Rb4+ Ka8 40. Ra4 Kb8 41. Rb4+ Kc7 42. Rb7+ Kd8 43. Rb8+ Kd7 44. a4 Ke6 45. b4 Bb3 46. a5 Ba4 47. a6 Kd7 48. Ra8 Ke6 49. Nb7 Kd5 50. Na5 Bb5 51. Rd8+ Ke5 52. Rc8 Kd5 53. Rd8+ Ke5 1/2-1/2

[Event "World School-ch U15 10th"]
[Site "Juiz de Fora"]
[Date "2014.11.29"]
[Round "4"]
[White "Herath, Hasitha P"]
[Black "Escalante Ramirez, Brian Sebastian"]
[Result "1/2-1/2"]
[WhiteElo "1528"]
[BlackElo "1991"]
[PlyCount "101"]
[EventDate "2014.11.26"]
[EventType "swiss"]
[EventRounds "9"]
[EventCountry "BRA"]
[SourceTitle "EXT 2016"]
[Source "ChessBase"]
[SourceDate "2015.10.08"]
[SourceVersion "1"]
[SourceVersionDate "2015.10.08"]
[SourceQuality "1"]

1. d4 Nf6 2. c4 g6 3. Nc3 Bg7 4. e4 d6 5. f3 0-0 6. Be3 b6 7. Qd2 c5 8. d5 e6 9. Be2 e5 10. Bg5 Qc7 11. Bd3 a6 12. Nge2 Ne8 13. g4 f6 14. Bh6 Bxh6 15. Qxh6 Qg7 16. Qd2 Nc7 17. Kf2 Bd7 18. a4 Kh8 19. Ng3 Ra7 20. h4 Rb7 21. h5 g5 22. Nf5 Bxf5 23. gxf5 h6 24. Qe2 Nd7 25. Ra3 Rfb8 26. Rb3 Qf7 27. Rh2 Qe8 28. Rh1 Qc8 29. Ra1 Kh7 30. Kg3 Ne8 31. Kg4 Nc7 32. Ra2 Ra8 33. Rba3 Ne8 34. Qf1 Rbb8 35. Qe2 Nc7 36. Qf1 Kh8 37. Qe2 Ne8 38. Qf1 Ng7 39. Qh3 Qc7 40. Qh1 Ra7 41. Qh3 Rab7 42. Qh1 Qc8 43. Qh3 Ne8 44. Qf1 Ra8 45. Qe2 Rbb8 46. Qf1 Nc7 47. Qe2 Kg7 48. Qe1 Kf8 49. Qe2 Kf7 50. Qf1 Ke7 51. Qe2 1/2-1/2